000
00259nam a2200085Ia 4500
245
0
_a
Reflections on character and leadership
100
_a
KETS DE VRIES, Manfred F R. Chichester, 2009
_9
70198
942
_c
BK
008
210817s9999 xx 000 0 und d
999
_c
284988
_d
284987